Statystyki dla Piłkarz do kraju #3

Kliknij tutaj aby rozwiązać quiz!

Ogólne statystyki

  • Ten quiz został rozwiązany 899 razy
  • Średni wynik to 15 z 18

Statystyki odpowiedzi

PiłkarzKraj% Poprawnych
Bartosz BereszynskiPolska
98%
Petr ČechCzechy
97%
Edinson CavaniUrugwaj
95%
Diego MaradonaArgentyna
94%
Ousmane DembeleFrancja
94%
Arjen RobbenHolandia
94%
Lukas PodolskiNiemcy
94%
Roberto BaggioWlochy
94%
Arturo VidalChile
92%
Keisuke HondaJaponia
89%
Nemanja VidićSerbia
87%
Jan VertonghenBelgia
86%
Artiom DziubaRosja
77%
Tim CahillAustralia
72%
Balázs DzsudzsákWegry
68%
Dragan StojkovićSerbia
61%
Andreas GranqvistSzwecja
61%
Alireza JahanbakhshIran
48%

Rozkład punktacji

Percentyl według liczby udzielonych odpowiedzi

Procent ludzi z każdym wynikiem

Twoja historia wyników

Nie rozwiązałeś tego quizu